000 00761nam a2200181Ia 4500
008 090124s9999 xx 000 0 und d
082 _b26778
_a3506
100 _aगुंदेकर श्रीराम
245 _a महात्मा ज्योतिबा फुले (विचार आणि वाङमय)
250 _a1
260 _c1992
300 _a277
600 _aगुंदेकर श्रीराम
630 _a महात्मा ज्योतिबा फुले (विचार आणि वाङमय)
700 _aगुंदेकर श्रीराम
730 _a महात्मा ज्योतिबा फुले (विचार आणि वाङमय)
942 _cBOOK
999 _c140250
_d140250